| 000 | 00595nam a2200253Ia 4500 | ||
|---|---|---|---|
| 005 | 20250425162447.0 | ||
| 008 | 250425s9999 xx 000 0 und d | ||
| 020 | _a9789701512302 | ||
| 041 | _aspa | ||
| 043 | _amx | ||
| 082 | _a629.892 | ||
| 100 | _aOLLERO BATURONE, ANIBAL | ||
| 245 | 0 | _aROBOTICA: MANIPULADORES Y ROBOTS MOVILES | |
| 250 | _a1A ED. | ||
| 260 | _aMEXICO | ||
| 260 |
_aMéxico _bALFAOMEGA _c2007 |
||
| 300 | _a447 | ||
| 650 | _aROBOTICA | ||
| 650 | _aROBOTS MANIPULADORES | ||
| 650 | _aROBOTS MOVILES | ||
| 650 | _aSENSORES | ||
| 942 | _c01 | ||
| 010 | _a75589 | ||
| 999 |
_c229687 _d229687 |
||